| 000 | 00346pab a2200145 454500 | ||
|---|---|---|---|
| 008 | 180718b1990 xxu||||| |||| 00| 0 eng d | ||
| 100 | _aGavin, Frank P. | ||
| 245 |
_aEmployee turnover _bSilent caner |
||
| 260 | _c1990 | ||
| 300 | _a53-5 | ||
| 362 | _aSpring | ||
| 650 | _aPersonnel, Public - Turnover | ||
| 773 | _aBureaucrat | ||
| 909 | _a15580 | ||
| 999 |
_c15580 _d15580 |
||